The Leaders Liz Left Behind Quiz Stats

 Plays Quiz not verified by Sporcle

Challenge
Share
Tweet
Embed
Score 0/41 Timer 08:00
0 Plays Today
Country Leader % Correct
United StatesGeorge H.W. Bush
94.2%
United StatesGeorge W. Bush
94.2%
United StatesBill Clinton
93.7%
United KingdomMargaret Thatcher
92.9%
United StatesJohn Kennedy
92.6%
United StatesRonald Reagan
92.4%
United KingdomTony Blair
91.8%
United StatesBarack Obama
91.6%
United StatesRichard Nixon
91.1%
United KingdomWinston Churchill
90.3%
United StatesLyndon Johnson
89.5%
United StatesJimmy Carter
89.5%
United StatesDwight Eisenhower
87.6%
United StatesGerald Ford
87.6%
United StatesHarry Truman
87.4%
USSR/RussiaJoseph Stalin
87.1%
USSR/RussiaVladimir Putin
85.5%
United KingdomDavid Cameron
84.3%
United KingdomGordon Brown
83.9%
USSR/RussiaMikhail Gorbachev
81.6%
USSR/RussiaBoris Yeltsin
75.5%
Country Leader % Correct
United KingdomJohn Major
75.3%
GermanyHelmut Kohl
61.3%
USSR/RussiaLeonid Brezhnev
58.7%
USSR/RussiaNikita Khrushchev
57.1%
USSR/RussiaYuri Andropov
55.5%
United KingdomHarold Wilson
53.2%
United KingdomHarold Wilson
53.2%
United KingdomEdward Heath
52.1%
USSR/RussiaDmitry Medvedev
51.6%
United KingdomAnthony Eden
50.8%
United KingdomHarold Macmillan
48.2%
United KingdomJames Callaghan
46.1%
GermanyWilly Brandt
42.9%
GermanyKonrad Adenauer
39.7%
United KingdomAlec Douglas-Home
37.4%
USSR/RussiaKonstantin Chernenko
37.4%
GermanyGerhard Schröder
32.6%
GermanyHelmut Schmidt
29.7%
GermanyLudwig Erhard
10.8%
GermanyKurt Georg Kiesinger
10.3%

You're not logged in!

Compare scores with friends on all Sporcle quizzes.
OR
Log In

You Might Also Like...

Show Comments

Extras

Top Quizzes Today


Score Distribution

Your Account Isn't Verified!

In order to create a playlist on Sporcle, you need to verify the email address you used during registration. Go to your Sporcle Settings to finish the process.

Report this User

Report this user for behavior that violates our Community Guidelines.

Details: